000 00660nam a22002297a 4500
001 126054
003 UA-OsUOA
005 20220818140121.0
007 ta
008 20171006b un ||||| |||| 00| 0 ukr d
040 _aUA-OsUOA
_brus
_cUA-OsUOA
_dUA-OsUOA
041 _arus
080 _a821.161.1
090 _a821.161.1
_bФ84
245 _aФранцузские повести
_cвст. ст. Ю. Уварова
260 _aМ.
_bПравда
_c1984
300 _a640 с.
650 7 _a82 Література. Літературознавство
_2UDC
942 _cBK
_2udc
955 _a3
999 _c413303
_d413303